Представление документа в формате RUSMARC

ПолеНазваниеЗначение
  Тип записи a
  Библиографический уровень m
001 Контрольный номер RU/SLIB/B/208741146
005 Дата корректировки 20201206204056.0
010 Индекс ISBN __
d Цена 2-10
101 Язык документа __
a Язык текста rus
200 Заглавие и сведения об ответственности __
a Заглавие Тепломеханическое оборудование электростанций и тепловых сетей; Специальное оборудование атомных электростанций
b Общее обозначение материала Текст
210 Выходные данные __
a Место издания М.
c Издательство Энергия
d Дата издания 1980
215 Физическое описание __
a Объем 410 с.
461 Уровень набора __
1 2001
a Пособие для изучения Правил технической эксплуатации электрических станций и сетей
v Разд. 4-5
606 Тематические рубрики __
a Основная рубрика Энергетика
606 Тематические рубрики __
a Основная рубрика Электрические станции и подстанции
610 Ключевые слова __
a Ключевые слова электрические станции; электрические сети; тепловые сети; атомные электростанции; электроэнергетика; электричество
686 Индексы других классификаций __
a Классификационный индекс 31.277.1
801 Источник записи _0
a Страна RU
b Организация Муниципальное бюджетное учреждение культуры "Централизованная библиотечная система" г. Сургут (Центральная городская библиотека им. А. С. Пушкина)
g Правила каталогизации КиК/Елгина
801 Источник записи _1
a Страна RU
b Организация Муниципальное бюджетное учреждение культуры "Централизованная библиотечная система" г. Сургут (Центральная городская библиотека им. А. С. Пушкина)
g Правила каталогизации КиК/Елгина
852 Данные о местонахождении __
j Шифр хранения 31.277.1
c Каталожный индекс 31.277.1
i Авторский знак П 62
p Инвентарный номер 2272
901 Тип документа __
t Тип документа m
969 Тип издания __
a Тип издания пособие
990 Данные о заказе (DOS) __
j Количество экземпляров (DOS) 1